Estética : (Record no. 157494)
[ view plain ]
| 000 -LEADER | |
|---|---|
| campo de control de longitud fija | 01050nam a2200253 i 4500 |
| 001 - NÚMERO DE CONTROL | |
| campo de control | 157494 |
| 003 - IDENTIFICADOR DE NÚMERO DE CONTROL | |
| campo de control | ES-MaACL |
| 005 - FECHA Y HORA DE LA ÚLTIMA TRANSACCIÓN | |
| campo de control | 20250816062550.0 |
| 008 - DATOS DE LONGITUD FIJA--INFORMACIÓN GENERAL | |
| campo de control de longitud fija | 990701s1900 sp |||| | spa d |
| 100 1# - ENTRADA PRINCIPAL--NOMBRE DE PERSONA | |
| Nombre de persona | Lemcke, Karl. |
| 9 (RLIN) | 128865 |
| 245 10 - MENCIÓN DEL TÍTULO | |
| Título | Estética : |
| Resto del título | expuesta en lecciones al alcance de todo el mundo / |
| Mención de responsabilidad, etc. | por Carlos Lemcke ; traducida del alemán por Miguel de Unamuno. |
| 260 ## - PUBLICACIÓN, DISTRIBUCIÓN, ETC. | |
| Lugar de publicación, distribución, etc. | Madrid : |
| Nombre del editor, distribuidor, etc. | La España Moderna, |
| Fecha de publicación, distribución, etc. | [1900] ( |
| Fabricante | Avrial) |
| 300 ## - DESCRIPCIÓN FÍSICA | |
| Extensión | 396 p. ; |
| Dimensiones | 22 cm. |
| 490 1# - MENCIÓN DE SERIE | |
| Mención de serie | Biblioteca de jurisprudencia, filosofía e historia |
| 510 4# - NOTA DE CITAS O REFERENCIAS BIBLIOGRÁFICAS | |
| Nombre de la fuente | Palau, |
| Localización dentro de la fuente | t. VII, p. 467 |
| 530 ## - NOTA DISPONIBLE DE FORMULARIO FÍSICO ADICIONAL | |
| Nota de formato físico adicional disponible | Disponible en formato digital. |
| 650 #7 - PUNTO DE ACCESO ADICIONAL DE MATERIA--TÉRMINO DE MATERIA | |
| Término de materia o nombre geográfico como elemento de entrada | Estética |
| Fuente del encabezamiento o término | embne |
| 9 (RLIN) | 142387 |
| 700 1# - ENTRADA AGREGADA--NOMBRE PERSONAL | |
| Nombre de persona | Unamuno, Miguel de, |
| Fechas asociadas al nombre | 1864-1936 |
| 9 (RLIN) | 111982 |
| 830 10 - PUNTO DE ACCESO ADICIONAL DE SERIE-TÍTULO UNIFORME | |
| Título uniforme | Biblioteca de jurisprudencia, filosofía e historia |
| 9 (RLIN) | 180691 |
| 852 ## - LOCALIZACIÓN | |
| Ubicación | ES-MaACL |
| Número de control de estantería | F-14869 |
| Nota libre | - Enc. hol. |
| 852 ## - LOCALIZACIÓN | |
| Ubicación | ES-MaACL |
| Número de control de estantería | B-5970 |
| Nota libre | - Enc. hol., conservando cub. original |
| 856 ## - LOCALIZACIÓN Y ACCESO ELECTRÓNICOS | |
| Identificador Uniforme de Recursos | <a href="http://bdh-rd.bne.es/viewer.vm?id=0000210720&page=1 ">http://bdh-rd.bne.es/viewer.vm?id=0000210720&page=1 </a> |
| Nota pública | Biblioteca Digital Hispánica |
| Estatus retirado | Estado de pérdida | Estado de daño | No para préstamo | Colección | Biblioteca de origen | Biblioteca actual | Ubicación en estantería | Fecha de adquisición | Fuente de adquisición | Total de préstamos | Signatura topográfica completa | Código de barras | Visto por última vez | Precio de reemplazo | Tipo de ítem Koha |
|---|---|---|---|---|---|---|---|---|---|---|---|---|---|---|---|
| Colección digital | Biblioteca del Ateneo de Madrid | Biblioteca del Ateneo de Madrid | Sala Pardo Bazán | 17/01/2008 | B-5970 | 1164813 | 23/02/2023 | 23/02/2023 | Libro impreso antiguo | ||||||
| Colección digital | Biblioteca del Ateneo de Madrid | Biblioteca del Ateneo de Madrid | Sala Pecera Planta 2 | 17/01/2008 | F-14869 | 1164812 | 23/02/2023 | 23/02/2023 | Libro impreso antiguo |
